| 000 | 00774nam a2200217 a 4500 | ||
|---|---|---|---|
| 001 | 000042398 | ||
| 005 | 20201002040129.0 | ||
| 008 | 131128s2002 pr 000 j spa d | ||
| 020 | _a0942347544 | ||
| 040 |
_aDO-SdBNP _bspa _cBNPHU |
||
| 082 |
_aPR863.44 _bP438c |
||
| 100 | 1 |
_aPérez Jiménez, Efraín _d1933- _969512 |
|
| 245 | 1 | 0 |
_aCuentos del Mangotín / _cEfraín Pérez Jiménez ; prólogo Francisco Carvajal. |
| 260 |
_aSan Juan, Puerto Rico : _bEdiciones Puerto, _c2002. |
||
| 300 |
_a168 p. ; _c20 cm. |
||
| 500 | _aIncluye datos biográficos del autor en la contracubierta. | ||
| 650 | 4 |
_aCuentos puertorriqueños _9249 |
|
| 650 | 4 |
_aLiteratura puertorriqueña _9250 |
|
| 700 | 1 | 2 |
_aCarvajal, Francisco _epról. _969513 |
| 910 | _aValidado. Control de calidad MFF | ||
| 999 |
_c41887 _d41887 |
||